000 00387pab a2200145 454500
008 180718b xxu||||| |||| 00| 0 eng d
100 _aKapur, J.N.
245 _aHigher education: a fundamental right
650 _a The state of Karnataka
650 _a Mohini Jain Vs
650 _a Higher Education
650 _aEducation, Higher - India
773 _aUniversity News
909 _a23649
999 _c23649
_d23649